An invitation to fly basics for the private pilot

Saved in:
Bibliographic Details
Main Author: Glaeser
Other Authors: Gum, Walters
Format: Book
Published: Pacific Grove Brooks/Cole.Wadsworth 1999
Edition:6th ed
Subjects:
Tags: Add Tag
No Tags, Be the first to tag this record!
Call Number :TL 721.4 G53 1999

MARC

LEADER 00000pam a2200000 4500
001 31954
003 MY-KLNDU
005 20241218085749.0
020 0 0 |a 0534567908 
035 |a 0000021594 
039 9 |y 200910091523  |z VLOAD 
090 0 0 |a TL 721.4  |b G53 1999 
100 1 0 |a Glaeser  |h Dennis 
245 1 3 |a An invitation to fly  |b basics for the private pilot  |c Dennis Glaeser,Sanford Gum,Bruce Walters 
250 0 0 |a 6th ed 
260 0 0 |a Pacific Grove  |b Brooks/Cole.Wadsworth  |c 1999 
300 |a xviii,661p.  |b ill.  |c 24cm 
500 0 0 |a Includes index 
500 0 0 |a Includes chart in pocket 
650 0 0 |a Private flying 
700 1 1 |a Gum  |h Sanford 
700 1 1 |a Walters  |h Bruce 
999 |a vtls000021636  |c 31954  |d 31954